000 00485nam a2200181Ia 4500
005 20250317124339.0
008 008 250317s9999 xx 000 0 eng d
037 _aTextbook
040 _aFMSL
_beng
_cFMSL
041 _aeng
_2eng
084 _aX:8K L7
_qFMSL
100 _aShukla M C
245 0 _aCost accounts
260 _aNew Delhi
_bNew Delhi, S. Chand
_c1977
300 _a446p
942 _cTB
_hX:8K L7
999 _c1255085
_d1255085